000 01469namaa22003251i 4500
005 20260503124740.0
008 260503s1994 ua a|||frm||| 000 0 eng d
040 _aEG-GICUC
_beng
_cEG-GICUC
_dEG-GICUC
_erda
041 0 _aeng
_beng
_bara
049 _aDeposit
097 _aM.Sc
099 _aCai01.11.18.M.Sc.1994.Sa.E
100 0 _aSamir Asaad Kaddas Abdel Sayed,
_epreparation.
245 1 0 _aEffect of Age And Sex on Serum Albumin And Fructosamine /
_cBy Samir Asaad Kaddas Abdel Sayed ; Supervised Prof. Dr. Abdel-Lateef Osman, Dr. Omar A.M. El Saadaani, Dr. Hussin Ismail Hussein
246 1 5 _aتأثير تقدم السن والجنس علي مستوي الالبومين والالبومين والفراكتوزامين في البلازما
264 0 _c1994.
300 _a112 Leaves
_billustrations
_c30 cm. +
336 _2rda content
_atext
337 _2rdamedia
_aUnmediated
338 _2rdacarrier
_avolume
502 _aThesis (M.Sc.)-Cairo University, 1994.
504 _aBibliography: pages 94-112
653 0 _aEffect of Age And Sex on Serum Albumin And Fructosamine
700 0 _aAbdel-Lateef Osman
_ethesis advisor.
700 0 _aOmar A.M. El Saadaan
_ethesis advisor.
700 0 _aHussin Ismail Hussein
_ethesis advisor.
900 _DDepartment of Internal Medicine
_FFaculty of Medicine
_UCairo University
_b1994
_cAbdel-Lateef Osman
_cOmar A.M. El Saadaan
_cHussin Ismail Hussein
905 _aNehad
942 _2ddc
_cTH
_e21
_n0
999 _c179922